<?xml version="1.0" encoding="UTF-8"?>
<marc:record xmlns:marc="http://www.loc.gov/MARC21/slim">
   <marc:leader>00000nam a2200000 a 4500</marc:leader>
   <marc:datafield ind1="1" ind2=" " tag="100">
      <marc:subfield code="a">Schultz, Irmgard</marc:subfield>
      <marc:subfield code="4">aut</marc:subfield>
      <marc:subfield code="e">Verfasser/-in</marc:subfield>
   </marc:datafield>
   <marc:datafield ind1="1" ind2=" " tag="100">
      <marc:subfield code="a">Weiland, Monika</marc:subfield>
      <marc:subfield code="4">aut</marc:subfield>
      <marc:subfield code="e">Verfasser/-in</marc:subfield>
   </marc:datafield>
   <marc:datafield ind1=" " ind2=" " tag="653">
      <marc:subfield code="a">Müll</marc:subfield>
   </marc:datafield>
   <marc:datafield ind1=" " ind2=" " tag="653">
      <marc:subfield code="a">Frau</marc:subfield>
   </marc:datafield>
   <marc:datafield ind1=" " ind2=" " tag="653">
      <marc:subfield code="a">Abfall</marc:subfield>
   </marc:datafield>
   <marc:datafield ind1=" " ind2=" " tag="653">
      <marc:subfield code="a">Abfallwirtschaft</marc:subfield>
   </marc:datafield>
   <marc:datafield ind1="0" ind2="0" tag="245">
      <marc:subfield code="a">Frauen und Müll</marc:subfield>
   </marc:datafield>
   <marc:datafield ind1="0" ind2="0" tag="245">
      <marc:subfield code="b">Frauen als Handelnde in der kommunalen Abfallwirtschaft ; Gutachten im Auftrag d. Magistrates d. Stadt Frankfurt/M.</marc:subfield>
   </marc:datafield>
   <marc:datafield ind1=" " ind2="1" tag="264">
      <marc:subfield code="a">Frankfurt/M.</marc:subfield>
      <marc:subfield code="b">Verl.f.Interkult.Kommunikation</marc:subfield>
      <marc:subfield code="c">1991</marc:subfield>
   </marc:datafield>
   <marc:datafield ind1="1" ind2=" " tag="520">
      <marc:subfield code="a">Eine Darlegung der Abfallproblematik aus frauenspezifischer Sicht, Frauen als handelnde Subjekte in der kommunalen Abfallwirtschaft, ist bisher einmalig. Zwei zentrale Strategien einer problembewußten kommunalen Abfallwirtschafdt, die Abfallberatung und die Umweltaufklärung, bestehen im wesentlichen aus einer Propagierung von (haus-)müllvermeidendem Einkauf und Getrenntsammeln der verschiedenen Müllfraktionen wie Glas, Papier etc. sowie in Versuchen zur Einführung der Getrenntsammlung weiterer Müllfraktionen (z.B. der organischen Küchenabfälle); damit wenden sie sich faktisch überwiegend an Frauen als handelnde Subjekte. Dennoch gibt es bisher keine umfassende und v.a. systematische Untersuchung der Müllproblematik aus frauenspezifischer Sicht. Dieses Manko soll mit der vorliegenden Studie behoben werden.</marc:subfield>
   </marc:datafield>
   <marc:datafield ind1="0" ind2=" " tag="490">
      <marc:subfield code="v">0</marc:subfield>
   </marc:datafield>
   <marc:datafield ind1=" " ind2=" " tag="300">
      <marc:subfield code="a">21 S.</marc:subfield>
   </marc:datafield>
</marc:record>
